Deutsche Fußballstadien - Karten-Quiz - Statistiken

Allgemein
  • Dieses Quiz wurde 21.346 mal gespielt
  • Das Durchschnittsergebnis liegt bei 14 aus 30
Antworten auf der Karte
Die Antworten werden auf der Karte rot bzw. grün angezeigt, abhängig davon wie oft sie richtig erraten wurden.
 
Antwortstatistiken
Antwort % Korrekt
Allianz Arena
86%
Alte Försterei
70%
Olympiastadion
70%
Ostseestadion
67%
Holstein-Stadion
62%
Volksparkstadion
61%
Weserstadion
58%
Red Bull Arena
54%
Europa-Park-Stadion
52%
Volkswagen-Arena
51%
RheinEnergie-Stadion
50%
Veltins-Arena
49%
Max-Morlock-Stadion
48%
Tivoli
48%
Waldstadion
46%
Neckarstadion
45%
Niedersachsenstadion
45%
Westfalenstadion
44%
Bremer Brücke
42%
Fritz-Walter-Stadion
42%
Preußenstadion
39%
Erzgebirgestadion
37%
Jahnstadion
37%
Moselstadion
32%
Stadion der Freundschaft
32%
Wildparkstadion
30%
Ludwigsparkstadion
29%
Rudolf-Harbig-Stadion
28%
Leuna-Chemie-Stadion
26%
Steigerwaldstadion
21%
Keine übereinstimmenden Quizze gefunden
Verteilung der Resultate
Anzahl Personen mit jedem Resultat
Perzentil nach korrekt beantworteten Fragen
Ihre Resultats-Entwicklung
Sie haben dieses Quiz noch nicht gespielt